000 00326nam a22001457a 4500
003 OSt
008 250425b |||||||| |||| 00| 0 eng d
020 _a9781409181637
100 _aMICHAELIDES,Alex
245 _aThe Silent Patient
260 _aLondon
_bOrion
_c2019
300 _a339
650 _aGeneral
942 _2ddc
_cBK
999 _c13432
_d13432